[Event "Oberliga Ost B 2016 2017"]
[Site "Germany"]
[Date "2017.03.19"]
[Round "8.2"]
[White "Dorst, Johannes"]
[Black "Grafl, Florian"]
[Result "1/2-1/2"]
[WhiteElo "2247"]
[BlackElo "2396"]
[PlyCount "146"]
[EventDate "2016.10.16"]
[EventType "team-tourn"]
[EventCountry "GER"]
[WhiteTeam "Marburg SK"]
[BlackTeam "Kasseler SK"]
[WhiteTeamCountry "GER"]
[BlackTeamCountry "GER"]

1. e4 d6 2. d4 Nf6 3. Nc3 e5 4. dxe5 dxe5 5. Qxd8+ Kxd8 6. Bc4 Ke8 7. Nf3 Bd6
8. h3 Nbd7 9. O-O c6 10. a3 b5 11. Rd1 Bc7 12. Bf1 Bb7 13. b4 a5 14. Be3 axb4
15. axb4 Rxa1 16. Rxa1 Bd6 17. Rb1 Ke7 18. Ne1 Ra8 19. Nd3 Ra3 20. Rb3 Rxb3 21.
cxb3 Bc8 22. f3 Nb8 23. Be2 Na6 24. Na2 Be6 25. Bd1 Nd7 26. Kf2 f5 27. Bc2 f4
28. Bd2 g5 29. Bc3 h5 30. Ke2 g4 31. hxg4 hxg4 32. Nac1 Bb8 33. Nf2 g3 34. Nfd3
Kd6 35. Na2 Ba7 36. Nac1 Be3 37. Bb2 Bf7 38. Bc3 Nc7 39. Kd1 Ne6 40. Ne2 Nef8
41. Bd2 Bxd2 42. Kxd2 Ng6 43. Ne1 Nh4 44. Kc3 Be6 45. Ng1 Nb8 46. Bd3 Na6 47.
Bf1 Bd7 48. Nd3 Ng6 49. Ne2 Be8 50. Ng1 Nf8 51. Ne2 Ne6 52. Ng1 Bf7 53. Ne2 Bg8
54. Ng1 Nac7 55. Ne2 Na6 56. Ng1 Nb8 57. Ne2 Nd7 58. Ng1 Ndf8 59. Ne2 Ng6 60.
Ne1 Kc7 61. Nd3 Kb6 62. Ne1 c5 63. Nd3 cxb4+ 64. Nxb4 Nc5 65. Nc1 Bf7 66. Nc2
Nh4 67. Ne1 Ng6 68. Ned3 Ne6 69. Ne2 Nd8 70. Nb4 Ne7 71. Nc1 Ndc6 72. Ncd3 Be6
73. Nc2 Ng6 1/2-1/2

[Event "Oberliga Ost B 2016 2017"]
[Site "Germany"]
[Date "2017.03.19"]
[Round "8.3"]
[White "Hahn, Markus"]
[Black "Alber, Horst"]
[Result "0-1"]
[WhiteElo "2333"]
[BlackElo "2318"]
[PlyCount "98"]
[EventDate "2016.10.16"]
[EventType "team-tourn"]
[EventCountry "GER"]
[WhiteTeam "Kasseler SK"]
[BlackTeam "Marburg SK"]
[WhiteTeamCountry "GER"]
[BlackTeamCountry "GER"]

1. d4 Nf6 2. c4 g6 3. Nc3 Bg7 4. Nf3 O-O 5. e4 d6 6. h3 c5 7. d5 Na6 8. Bd3 Nc7
9. O-O e5 10. Rb1 Nfe8 11. a3 f5 12. b4 b6 13. Bd2 f4 14. Rb2 g5 15. Nh2 Nf6
16. Be2 Nce8 17. a4 Rf7 18. a5 Bf8 19. Qa1 cxb4 20. Rxb4 bxa5 21. Rb5 h5 22.
Qxa5 Nc7 23. Rfb1 g4 24. Rb8 Rxb8 25. Rxb8 gxh3 26. gxh3 Rg7+ 27. Kh1 Nd7 28.
Rxc8 Qxc8 29. Bxh5 Nf6 30. Bg4 Nxg4 31. Nxg4 Rh7 32. Kg2 Qd8 33. Ne2 Kh8 34. c5
dxc5 35. Bc3 Bd6 36. Qa1 Qg5 37. Qxa7 f3+ 38. Kxf3 Rxh3+ 39. Ng3 Qf4+ 40. Kg2
Qxg4 41. Qb6 Rxg3+ 42. fxg3 Qxe4+ 43. Kf2 Qxd5 44. Qb1 Kg7 45. g4 c4 46. g5
Bc5+ 47. Kg3 Bd4 48. Bb4 e4 49. Kg4 Ne6 0-1

[Event "Oberliga Ost B 2016 2017"]
[Site "Germany"]
[Date "2017.03.19"]
[Round "8.4"]
[White "Henrich, Thomas"]
[Black "Humburg, Philipp"]
[Result "1-0"]
[WhiteElo "2212"]
[BlackElo "2212"]
[PlyCount "61"]
[EventDate "2016.10.16"]
[EventType "team-tourn"]
[EventCountry "GER"]
[WhiteTeam "Marburg SK"]
[BlackTeam "Kasseler SK"]
[WhiteTeamCountry "GER"]
[BlackTeamCountry "GER"]

1. d4 Nf6 2. c4 g6 3. Nc3 Bg7 4. e4 d6 5. Be2 O-O 6. Bg5 c5 7. d5 e6 8. Qd2
exd5 9. exd5 Na6 10. Nf3 Bg4 11. O-O Qd7 12. h3 Bxf3 13. Bxf3 Nc7 14. Rfe1 Rfe8
15. Qf4 Rxe1+ 16. Rxe1 Nce8 17. Bd1 a6 18. Ba4 Qc7 19. g4 b5 20. cxb5 Qa5 21.
bxa6 Nxd5 22. Qf3 Nec7 23. Bc6 Nxc3 24. Bxa8 N3b5 25. Re7 f5 26. Qb3+ d5 27.
Bxd5+ Kh8 28. Bc6 c4 29. Qe3 Nd6 30. a7 Bxb2 31. Rxc7 1-0

[Event "Oberliga Ost B 2016 2017"]
[Site "Germany"]
[Date "2017.03.19"]
[Round "8.5"]
[White "Kersten, Uwe"]
[Black "Rolle, Eric"]
[Result "0-1"]
[WhiteElo "2253"]
[BlackElo "2195"]
[PlyCount "80"]
[EventDate "2016.10.16"]
[EventType "team-tourn"]
[EventCountry "GER"]
[WhiteTeam "Kasseler SK"]
[BlackTeam "Marburg SK"]
[WhiteTeamCountry "GER"]
[BlackTeamCountry "GER"]

1. d4 Nf6 2. Nf3 e6 3. Bf4 c5 4. e3 Qb6 5. Nc3 cxd4 6. exd4 Bb4 7. Bd3 Nd5 8.
Bd2 Nxc3 9. bxc3 Be7 10. O-O d6 11. Ng5 h6 12. Ne4 d5 13. Ng3 Nd7 14. Nh5 g6
15. Nf4 Nf6 16. Qf3 Bd7 17. Rab1 Qc7 18. Rfe1 Rg8 19. Bf1 Ne4 20. Rxe4 dxe4 21.
Qxe4 O-O-O 22. c4 g5 23. Ba5 Bc6 24. d5 Qxa5 25. dxc6 gxf4 26. Rxb7 Bd6 27. c5
Bc7 28. Qc4 Rg5 29. Rb1 Rdd5 30. Qb3 Rxc5 31. Qb7+ Kd8 32. c4 Qd2 33. Rb3 f3
34. Rd3+ Qxd3 35. Bxd3 Rxg2+ 36. Kf1 Re5 37. Qxa7 Rxh2 38. Qa8+ Ke7 39. Qa3+
Kf6 40. Kg1 Rg5+ 0-1

[Event "Oberliga Ost B 2016 2017"]
[Site "Germany"]
[Date "2017.03.19"]
[Round "8.6"]
[White "Duncker, Joachim"]
[Black "Kearns, Christopher"]
[Result "1/2-1/2"]
[WhiteElo "2269"]
[BlackElo "2180"]
[PlyCount "49"]
[EventDate "2016.10.16"]
[EventType "team-tourn"]
[EventCountry "GER"]
[WhiteTeam "Marburg SK"]
[BlackTeam "Kasseler SK"]
[WhiteTeamCountry "GER"]
[BlackTeamCountry "GER"]

1. e4 c5 2. Nc3 e6 3. g3 d5 4. Bg2 d4 5. Nce2 Nc6 6. d3 Bd6 7. Nh3 h5 8. f4 e5
9. f5 f6 10. Neg1 h4 11. g4 Nce7 12. Nf2 g5 13. fxg6 Nxg6 14. h3 Be6 15. Nf3
Qd7 16. a4 O-O-O 17. Nd2 Nf4 18. Bf3 Ne7 19. Nc4 Neg6 20. b3 Rdg8 21. Ba3 Bf8
22. a5 Qc7 23. Bc1 Kb8 24. Bd2 Bf7 25. Qb1 1/2-1/2

[Event "Oberliga Ost B 2016 2017"]
[Site "Germany"]
[Date "2017.03.19"]
[Round "8.7"]
[White "Aslan, Benjamin"]
[Black "Foermes, Alexander"]
[Result "1/2-1/2"]
[WhiteElo "2170"]
[BlackElo "2079"]
[PlyCount "78"]
[EventDate "2016.10.16"]
[EventType "team-tourn"]
[EventCountry "GER"]
[WhiteTeam "Kasseler SK"]
[BlackTeam "Marburg SK"]
[WhiteTeamCountry "GER"]
[BlackTeamCountry "GER"]

1. d4 d5 2. c4 e6 3. Nf3 Nf6 4. e3 a6 5. b3 b6 6. Bd3 Bb7 7. O-O Nbd7 8. Nc3
Bd6 9. cxd5 exd5 10. a4 Qe7 11. Nd2 O-O 12. Re1 Rfe8 13. f3 c5 14. Ba3 Rac8 15.
Rc1 cxd4 16. Bxd6 Qxd6 17. exd4 Qf4 18. Rxe8+ Rxe8 19. Nf1 Qxd4+ 20. Kh1 Qe5
21. Ne2 Nc5 22. Nd4 g6 23. Bb1 Ne6 24. Nxe6 Rxe6 25. Qd2 Kg7 26. Rd1 h5 27. f4
Qe2 28. Qd4 Kg8 29. f5 gxf5 30. Bxf5 Re5 31. Bd3 Qg4 32. Qxe5 Qxd1 33. Qe3 Ne4
34. Be2 d4 35. Bxd1 dxe3 36. Nxe3 Nf2+ 37. Kg1 Nxd1 38. Nxd1 Bd5 39. b4 Bb3
1/2-1/2

[Event "Oberliga Ost B 2016 2017"]
[Site "Germany"]
[Date "2017.03.19"]
[Round "8.8"]
[White "Lehmann, Stefan"]
[Black "Warnecke, Tobias"]
[Result "1-0"]
[WhiteElo "1970"]
[BlackElo "2146"]
[PlyCount "101"]
[EventDate "2016.10.16"]
[EventType "team-tourn"]
[EventCountry "GER"]
[WhiteTeam "Marburg SK"]
[BlackTeam "Kasseler SK"]
[WhiteTeamCountry "GER"]
[BlackTeamCountry "GER"]

1. e4 c5 2. Nf3 Nc6 3. d4 cxd4 4. Nxd4 g6 5. c4 Bg7 6. Be3 Nf6 7. Nc3 O-O 8.
Be2 d6 9. O-O Bd7 10. Qd2 a5 11. f3 Nxd4 12. Bxd4 Bc6 13. b3 Nd7 14. Be3 Nc5
15. Rac1 Qb6 16. Nd5 Bxd5 17. cxd5 Rfc8 18. Rc2 Qd8 19. Rfc1 h5 20. Bf1 Kh7 21.
Kh1 Nd7 22. Rxc8 Rxc8 23. Rxc8 Qxc8 24. Qxa5 Qc2 25. Qd2 Qb1 26. Kg1 Be5 27. g3
Bb2 28. Kg2 h4 29. gxh4 Ne5 30. Be2 Qa1 31. Qc2 Bd4 32. Bc1 Nd7 33. h5 Nf8 34.
Bd3 Bg7 35. Be3 Qe5 36. hxg6+ Nxg6 37. Be2 Nf4+ 38. Kh1 Qg5 39. Bf1 Be5 40. Qf2
Qh5 41. a4 Nh3 42. Bxh3 Qxh3 43. b4 Qh5 44. Qg2 Bg7 45. Qg4 Qe5 46. Qf5+ Qxf5
47. exf5 Bc3 48. b5 Kg7 49. Bb6 Kf6 50. a5 Bxa5 51. Bxa5 1-0

[Event "Oberliga Ost B 2016 2017"]
[Site "Germany"]
[Date "2017.03.19"]
[Round "8.1"]
[White "Heyder, Florian"]
[Black "Kunin, Vitaly"]
[Result "0-1"]
[WhiteElo "2161"]
[BlackElo "2595"]
[PlyCount "36"]
[EventDate "2016.10.16"]
[EventType "team-tourn"]
[EventCountry "GER"]
[WhiteTeam "Sangerhausen SV"]
[BlackTeam "Moerlenbach Birkenau Freibauer"]
[WhiteTeamCountry "GER"]
[BlackTeamCountry "GER"]

1. e4 d6 2. d4 Nf6 3. Nc3 Nbd7 4. Nf3 e5 5. Bc4 Be7 6. a4 O-O 7. O-O c6 8. h3
Qc7 9. Re1 h6 10. Be3 Re8 11. a5 Nf8 12. Bb3 Ng6 13. a6 b5 14. Qd3 Rb8 15. Nd2
Bd7 16. Ne2 exd4 17. Qxd4 c5 18. Qc3 b4 0-1

[Event "Oberliga Ost B 2016 2017"]
[Site "Germany"]
[Date "2017.03.19"]
[Round "8.2"]
[White "Galdunts, Sergey"]
[Black "Guenther, Christian"]
[Result "1-0"]
[WhiteElo "2415"]
[BlackElo "2161"]
[PlyCount "63"]
[EventDate "2016.10.16"]
[EventType "team-tourn"]
[EventCountry "GER"]
[WhiteTeam "Moerlenbach Birkenau Freibauer"]
[BlackTeam "Sangerhausen SV"]
[WhiteTeamCountry "GER"]
[BlackTeamCountry "GER"]

1. e4 Nf6 2. e5 Nd5 3. d4 d6 4. g3 g6 5. Bg2 Nb6 6. Qe2 Bg7 7. Nf3 O-O 8. b3 c6
9. O-O Bg4 10. Nbd2 Qd7 11. Re1 Na6 12. Bb2 Rfe8 13. Nf1 Nc7 14. Ne3 Bh3 15.
Bxh3 Qxh3 16. Ng5 Qd7 17. Rad1 Rad8 18. f4 f6 19. Ne4 Qe6 20. c4 h6 21. g4 fxe5
22. dxe5 dxe5 23. f5 Qf7 24. fxg6 Qxg6 25. Nf5 Rxd1 26. Rxd1 Bh8 27. Bc1 h5 28.
Kh1 hxg4 29. Nh6+ Kh7 30. Rg1 c5 31. Rxg4 Qc6 32. Qf3 1-0

[Event "Oberliga Ost B 2016 2017"]
[Site "Germany"]
[Date "2017.03.19"]
[Round "8.3"]
[White "Richter, Dustin"]
[Black "Legde, Georg"]
[Result "1/2-1/2"]
[WhiteElo "2130"]
[BlackElo "2309"]
[PlyCount "74"]
[EventDate "2016.10.16"]
[EventType "team-tourn"]
[EventCountry "GER"]
[WhiteTeam "Sangerhausen SV"]
[BlackTeam "Moerlenbach Birkenau Freibauer"]
[WhiteTeamCountry "GER"]
[BlackTeamCountry "GER"]

1. Nf3 Nf6 2. g3 b5 3. Bg2 Bb7 4. O-O e6 5. d3 c5 6. e4 d6 7. a4 a6 8. e5 Nd5
9. Ng5 Qd7 10. axb5 dxe5 11. bxa6 Rxa6 12. Rxa6 Nxa6 13. Na3 f6 14. Ne4 Bc6 15.
Nc4 Be7 16. Qh5+ g6 17. Qh6 Bf8 18. Qh4 Bg7 19. Ned6+ Kf8 20. Ne4 h6 21. Na5 g5
22. Qh5 Ba8 23. Nb3 Qe7 24. Qe2 Qc7 25. c4 Nb6 26. Be3 Nd7 27. Nxf6 Nxf6 28.
Bxa8 Kf7 29. Bg2 Rb8 30. Ra1 Qb6 31. Ra3 Nd7 32. h4 gxh4 33. Qh5+ Kg8 34. Qxh4
Nb4 35. Bxh6 Bxh6 36. Qxh6 Nc2 37. Bh3 Nf8 1/2-1/2

[Event "Oberliga Ost B 2016 2017"]
[Site "Germany"]
[Date "2017.03.19"]
[Round "8.4"]
[White "Dittmar, Peter"]
[Black "Engelmann, Jakob"]
[Result "1/2-1/2"]
[WhiteElo "2266"]
[BlackElo "2256"]
[PlyCount "48"]
[EventDate "2016.10.16"]
[EventType "team-tourn"]
[EventCountry "GER"]
[WhiteTeam "Moerlenbach Birkenau Freibauer"]
[BlackTeam "Sangerhausen SV"]
[WhiteTeamCountry "GER"]
[BlackTeamCountry "GER"]

1. d4 d5 2. c4 c6 3. Nf3 Nf6 4. Nc3 a6 5. cxd5 cxd5 6. Bf4 e6 7. e3 Be7 8. h3
O-O 9. Bd3 b5 10. Rc1 Bb7 11. Ne5 Nbd7 12. O-O Rc8 13. Bb1 Nxe5 14. Bxe5 Nd7
15. Bg3 Qa5 16. Qd3 g6 17. Bf4 Rc4 18. Ne2 Rfc8 19. b3 R4c6 20. Rxc6 Rxc6 21.
Rc1 Rxc1+ 22. Nxc1 Qe1+ 23. Qf1 Qd2 24. Nd3 Kf8 1/2-1/2

[Event "Oberliga Ost B 2016 2017"]
[Site "Germany"]
[Date "2017.03.19"]
[Round "8.5"]
[White "Hellwig, Tobias"]
[Black "Felgendreher, Heiko"]
[Result "1-0"]
[WhiteElo "2182"]
[BlackElo "2222"]
[PlyCount "53"]
[EventDate "2016.10.16"]
[EventType "team-tourn"]
[EventCountry "GER"]
[WhiteTeam "Sangerhausen SV"]
[BlackTeam "Moerlenbach Birkenau Freibauer"]
[WhiteTeamCountry "GER"]
[BlackTeamCountry "GER"]

1. d4 Nf6 2. Nf3 g6 3. g3 Bg7 4. Bg2 d5 5. O-O O-O 6. Nbd2 Bf5 7. c4 c6 8. Re1
Re8 9. h3 h5 10. Qb3 Qc8 11. Ng5 a5 12. a4 Ne4 13. Ndxe4 dxe4 14. Be3 e5 15. d5
Rd8 16. h4 cxd5 17. cxd5 Qd7 18. Red1 Na6 19. Bxe4 Rdc8 20. Rac1 Nb4 21. Bc5
Bf6 22. Bxf5 gxf5 23. Bxb4 Rxc1 24. Rxc1 axb4 25. d6 Bd8 26. Rc5 Ra5 27. Rc8
1-0

[Event "Oberliga Ost B 2016 2017"]
[Site "Germany"]
[Date "2017.03.19"]
[Round "8.6"]
[White "Boehmer, Christian"]
[Black "Hillmann, Michael"]
[Result "1/2-1/2"]
[WhiteElo "2166"]
[BlackElo "2162"]
[PlyCount "120"]
[EventDate "2016.10.16"]
[EventType "team-tourn"]
[EventCountry "GER"]
[WhiteTeam "Moerlenbach Birkenau Freibauer"]
[BlackTeam "Sangerhausen SV"]
[WhiteTeamCountry "GER"]
[BlackTeamCountry "GER"]

1. e4 d5 2. exd5 Qxd5 3. Nc3 Qd6 4. d4 Nf6 5. Nf3 c6 6. Ne5 Nbd7 7. Nc4 Qe6+ 8.
Be2 Nb6 9. Nxb6 axb6 10. O-O Qd6 11. Be3 e6 12. a4 Qc7 13. Qd3 Be7 14. Bf3 O-O
15. Qc4 Bd6 16. h3 Nd5 17. Bd2 f5 18. Rfe1 Kh8 19. Ne2 Qe7 20. Qb3 Qh4 21. c4
Nf6 22. Qxb6 g5 23. d5 exd5 24. cxd5 g4 25. g3 Qh5 26. hxg4 fxg4 27. Bg2 Nxd5
28. Bxd5 Qxd5 29. Bc3+ Kg8 30. Rad1 Qc5 31. Qb3+ Rf7 32. Nf4 Bf5 33. Bd4 Qb4
34. Qe3 Re7 35. Ne6 Rxe6 36. Qg5+ Rg6 37. Qxf5 Rf8 38. Qc2 c5 39. Bc3 Qc4 40.
Re4 Qf7 41. Qe2 h5 42. Rd3 Qf5 43. Rde3 h4 44. Be5 Bxe5 45. Rxe5 Qb1+ 46. Kg2
h3+ 47. Kh2 Qa2 48. R3e4 Qf7 49. Rf4 Qd7 50. Qc4+ Kg7 51. Rxf8 Kxf8 52. Qxc5+
Kf7 53. Rf5+ Rf6 54. Qc4+ Ke7 55. Qc5+ Kf7 56. Qc4+ Ke7 57. Re5+ Kf8 58. Qc5+
Kf7 59. Qc4+ Kf8 60. Qc5+ Kf7 1/2-1/2

[Event "Oberliga Ost B 2016 2017"]
[Site "Germany"]
[Date "2017.03.19"]
[Round "8.7"]
[White "Duchrow, Oliver"]
[Black "Klings, Peter"]
[Result "0-1"]
[WhiteElo "2069"]
[BlackElo "2147"]
[PlyCount "136"]
[EventDate "2016.10.16"]
[EventType "team-tourn"]
[EventCountry "GER"]
[WhiteTeam "Sangerhausen SV"]
[BlackTeam "Moerlenbach Birkenau Freibauer"]
[WhiteTeamCountry "GER"]
[BlackTeamCountry "GER"]

1. e4 c6 2. d4 d5 3. Nc3 dxe4 4. Nxe4 h6 5. c3 Bf5 6. Bd3 e6 7. Ne2 Bxe4 8.
Bxe4 Nf6 9. Bf3 Bd6 10. g3 Nbd7 11. O-O O-O 12. Bf4 Bxf4 13. Nxf4 e5 14. dxe5
Nxe5 15. Bg2 Qb6 16. Qb3 Rad8 17. Qxb6 axb6 18. Rfe1 Rfe8 19. Rad1 Rxd1 20.
Rxd1 g5 21. Nh3 Ned7 22. Bf1 Nc5 23. f3 Na4 24. Rd2 Re1 25. Rc2 Nd5 26. Kf2
Rxf1+ 27. Kxf1 Ne3+ 28. Ke2 Nxc2 29. Kd2 Ne1 30. Kxe1 Nxb2 31. Nf2 Na4 32. Kd2
Nc5 33. Ke3 Kg7 34. Kd4 f6 35. Ng4 Kg6 36. Ne3 Ne6+ 37. Ke4 Nc5+ 38. Kd4 Ne6+
39. Ke4 b5 40. Ng2 Nc5+ 41. Kd4 Nd7 42. f4 f5 43. Ne3 Kf6 44. c4 gxf4 45. gxf4
bxc4 46. Nxc4 Ke6 47. Na5 c5+ 48. Kc4 b6 49. Nb3 Kd6 50. a4 Kc6 51. Nc1 Nf6 52.
Ne2 Ne4 53. Ng1 Nd6+ 54. Kd3 Kd5 55. Nf3 c4+ 56. Ke3 Kc5 57. Ne5 Kb4 58. Nd7
Kxa4 59. Nxb6+ Kb3 60. Nd7 Nb5 61. Ne5 c3 62. Nd3 Kc2 63. Nb4+ Kb2 64. Kd3 Kb3
65. Nc2 Nc7 66. Ne3 Ne6 67. Ke2 Nxf4+ 68. Kf3 Ne6 0-1

[Event "Oberliga Ost B 2016 2017"]
[Site "Germany"]
[Date "2017.03.19"]
[Round "8.8"]
[White "Schaefer, Michael"]
[Black "Buerckner, Georg"]
[Result "1-0"]
[WhiteElo "2166"]
[BlackElo "2052"]
[PlyCount "55"]
[EventDate "2016.10.16"]
[EventType "team-tourn"]
[EventCountry "GER"]
[WhiteTeam "Moerlenbach Birkenau Freibauer"]
[BlackTeam "Sangerhausen SV"]
[WhiteTeamCountry "GER"]
[BlackTeamCountry "GER"]

1. d4 d5 2. c4 e6 3. Nf3 Nf6 4. g3 Be7 5. Bg2 O-O 6. Qc2 Nbd7 7. O-O c6 8. Nbd2
b6 9. e4 dxe4 10. Nxe4 Bb7 11. Rd1 Nxe4 12. Qxe4 Qc7 13. Bf4 Bd6 14. Bxd6 Qxd6
15. Ne5 Nxe5 16. Qxe5 Qxe5 17. dxe5 Rad8 18. Rd6 Rxd6 19. exd6 Rd8 20. Rd1 a5
21. b3 Kf8 22. a3 Ke8 23. b4 axb4 24. axb4 Kd7 25. c5 Ra8 26. f4 Ra4 27. b5
bxc5 28. bxc6+ 1-0

[Event "Oberliga Ost B 2016 2017"]
[Site "Germany"]
[Date "2017.03.19"]
[Round "8.1"]
[White "Geske, Julian"]
[Black "Dubiel, Jacek"]
[Result "1/2-1/2"]
[WhiteElo "2399"]
[BlackElo "2423"]
[PlyCount "24"]
[EventDate "2016.10.16"]
[EventType "team-tourn"]
[EventCountry "GER"]
[WhiteTeam "Wiesbadener SV"]
[BlackTeam "Oberursel SV"]
[WhiteTeamCountry "GER"]
[BlackTeamCountry "GER"]

1. e4 e5 2. Nf3 Nc6 3. Bb5 a6 4. Ba4 Nf6 5. d3 Bc5 6. c3 d6 7. O-O O-O 8. Be3
b5 9. Bb3 Bxe3 10. fxe3 Be6 11. Bxe6 fxe6 12. Nbd2 d5 1/2-1/2

[Event "Oberliga Ost B 2016 2017"]
[Site "Germany"]
[Date "2017.03.19"]
[Round "8.2"]
[White "Margolin, Boris"]
[Black "Dubkov, Andrej"]
[Result "1/2-1/2"]
[WhiteElo "2391"]
[BlackElo "2283"]
[PlyCount "51"]
[EventDate "2016.10.16"]
[EventType "team-tourn"]
[EventCountry "GER"]
[WhiteTeam "Oberursel SV"]
[BlackTeam "Wiesbadener SV"]
[WhiteTeamCountry "GER"]
[BlackTeamCountry "GER"]

1. e4 c5 2. Nc3 a6 3. g3 b5 4. Bg2 Bb7 5. f4 e6 6. d3 d5 7. Qe2 b4 8. Nd1 Be7
9. Nf3 Nf6 10. Nf2 Nc6 11. e5 Ng8 12. O-O h5 13. f5 exf5 14. e6 f6 15. Nh4 Nd4
16. Qd1 g5 17. c3 Nxe6 18. Nxf5 a5 19. Re1 Ra6 20. d4 Kf7 21. Bf3 g4 22. Be2 c4
23. h3 Ng7 24. hxg4 h4 25. Bf4 hxg3 26. Bxg3 1/2-1/2

[Event "Oberliga Ost B 2016 2017"]
[Site "Germany"]
[Date "2017.03.19"]
[Round "8.3"]
[White "Nehmert, Ulrich"]
[Black "Michaelsen, Nils"]
[Result "0-1"]
[WhiteElo "2324"]
[BlackElo "2396"]
[PlyCount "66"]
[EventDate "2016.10.16"]
[EventType "team-tourn"]
[EventCountry "GER"]
[WhiteTeam "Wiesbadener SV"]
[BlackTeam "Oberursel SV"]
[WhiteTeamCountry "GER"]
[BlackTeamCountry "GER"]

1. e4 c5 2. f4 d5 3. exd5 Qxd5 4. Nc3 Qd8 5. Nf3 Nf6 6. d4 e6 7. Bb5+ Bd7 8.
Qe2 cxd4 9. Nxd4 Bb4 10. f5 O-O 11. fxe6 Bxb5 12. Ndxb5 a6 13. Na3 Bxa3 14.
bxa3 Qc7 15. Bb2 Re8 16. O-O-O Rxe6 17. Qf3 Nbd7 18. Nd5 Nxd5 19. Rxd5 Rc8 20.
Qd3 Nb6 21. Rd4 Nc4 22. Qc3 f6 23. Rhd1 b5 24. Rd7 Qxh2 25. Qf3 Rce8 26. Kb1
Nxb2 27. Qg4 R6e7 28. Rxe7 Rxe7 29. Qc8+ Kf7 30. Kxb2 Qxg2 31. a4 Qe2 32. Rd8
bxa4 33. Rf8+ Kg6 0-1

[Event "Oberliga Ost B 2016 2017"]
[Site "Germany"]
[Date "2017.03.19"]
[Round "8.4"]
[White "Reschke, Stefan"]
[Black "Gottschalk, Jens"]
[Result "1/2-1/2"]
[WhiteElo "2329"]
[BlackElo "2282"]
[PlyCount "26"]
[EventDate "2016.10.16"]
[EventType "team-tourn"]
[EventCountry "GER"]
[WhiteTeam "Oberursel SV"]
[BlackTeam "Wiesbadener SV"]
[WhiteTeamCountry "GER"]
[BlackTeamCountry "GER"]

1. Nf3 d5 2. g3 Nf6 3. Bg2 c6 4. b3 Bg4 5. Bb2 Nbd7 6. c4 e6 7. Na3 Bd6 8. Nc2
a5 9. d3 Qe7 10. O-O O-O 11. Rb1 Rfc8 12. h3 Bh5 13. Qd2 b5 1/2-1/2

[Event "Oberliga Ost B 2016 2017"]
[Site "Germany"]
[Date "2017.03.19"]
[Round "8.5"]
[White "Minor, Samuel"]
[Black "Schlamp, Robert"]
[Result "0-1"]
[WhiteElo "2189"]
[BlackElo "2263"]
[PlyCount "82"]
[EventDate "2016.10.16"]
[EventType "team-tourn"]
[EventCountry "GER"]
[WhiteTeam "Wiesbadener SV"]
[BlackTeam "Oberursel SV"]
[WhiteTeamCountry "GER"]
[BlackTeamCountry "GER"]

1. e4 e6 2. d4 d5 3. exd5 exd5 4. c4 Nf6 5. Nc3 Be7 6. Qb3 dxc4 7. Bxc4 O-O 8.
Nf3 Nc6 9. Qd1 Bg4 10. d5 Ne5 11. Be2 Bxf3 12. Bxf3 Bb4 13. Be2 Qxd5 14. O-O
Bxc3 15. bxc3 Qxd1 16. Rxd1 Ne4 17. Bb2 Nd6 18. Rd4 Rfe8 19. c4 Nc6 20. Rd2 Ne4
21. Rd7 Nc5 22. Rd2 Rad8 23. Rad1 Rxd2 24. Rxd2 Ne4 25. Rd7 Nd6 26. Kf1 Re7 27.
Rxe7 Nxe7 28. Ke1 f6 29. Kd2 c5 30. f4 Nc6 31. g4 Kf7 32. Bd3 Nb4 33. a3 Nxd3
34. Kxd3 g6 35. h3 Ke6 36. a4 f5 37. g5 Ne4 38. Be5 Nxg5 39. Bb8 Nxh3 40. Ke3
a6 41. Kf3 g5 0-1

[Event "Oberliga Ost B 2016 2017"]
[Site "Germany"]
[Date "2017.03.19"]
[Round "8.6"]
[White "Haakert, Juergen"]
[Black "Kayser, Felix"]
[Result "1-0"]
[WhiteElo "2341"]
[BlackElo "2171"]
[PlyCount "109"]
[EventDate "2016.10.16"]
[EventType "team-tourn"]
[EventCountry "GER"]
[WhiteTeam "Oberursel SV"]
[BlackTeam "Wiesbadener SV"]
[WhiteTeamCountry "GER"]
[BlackTeamCountry "GER"]

1. c4 c5 2. Nc3 g6 3. g3 Bg7 4. Bg2 Nc6 5. Nf3 d6 6. O-O Nf6 7. Rb1 O-O 8. a3
a5 9. d3 Rb8 10. Ne1 Bd7 11. Nc2 Qc8 12. b4 axb4 13. axb4 cxb4 14. Nxb4 Nxb4
15. Rxb4 Bc6 16. Qb3 Bxg2 17. Kxg2 Rd8 18. Bg5 e6 19. Rb1 Rd7 20. Kg1 h6 21.
Be3 Ng4 22. Bd2 Ne5 23. Na4 Qd8 24. Nb6 Re7 25. Bc3 Kh7 26. Qb2 Qh8 27. Rb3 Rc7
28. f4 Nd7 29. Bxg7 Qxg7 30. Nxd7 Rxd7 31. Rb5 Qxb2 32. R1xb2 Kg7 33. Kf2 Kf6
34. Kf3 Ke7 35. g4 Kd8 36. h4 Kc7 37. h5 Kc6 38. d4 Kc7 39. e3 Kd8 40. hxg6
fxg6 41. Rh2 Rh7 42. f5 gxf5 43. gxf5 Ke7 44. Rh5 exf5 45. Rhxf5 Ke6 46. Ke4
Re7 47. Rh5 Rh7 48. Rb6 Re8 49. Kd3 Rd8 50. c5 Rdd7 51. e4 Ke7 52. cxd6+ Rxd6
53. Rxb7+ Rd7 54. Rxd7+ Kxd7 55. d5 1-0

[Event "Oberliga Ost B 2016 2017"]
[Site "Germany"]
[Date "2017.03.19"]
[Round "8.7"]
[White "Doehring, Joachim"]
[Black "Oparaugo, Thomas"]
[Result "0-1"]
[WhiteElo "2082"]
[BlackElo "2088"]
[PlyCount "68"]
[EventDate "2016.10.16"]
[EventType "team-tourn"]
[EventCountry "GER"]
[WhiteTeam "Wiesbadener SV"]
[BlackTeam "Oberursel SV"]
[WhiteTeamCountry "GER"]
[BlackTeamCountry "GER"]

1. Nf3 Nf6 2. c4 c6 3. g3 d5 4. b3 g6 5. Bb2 Bg7 6. Bg2 O-O 7. O-O Qb6 8. Qc2
Nbd7 9. d3 Re8 10. cxd5 cxd5 11. Nc3 e5 12. d4 exd4 13. Na4 Qc6 14. Qd1 a6 15.
Bxd4 b5 16. Rc1 Qe6 17. Nc3 b4 18. Ng5 Qf5 19. Nxd5 Nxd5 20. Bxg7 Bb7 21. Bh6
Nc3 22. e4 Qb5 23. Rxc3 bxc3 24. Qd4 Ne5 25. Qxc3 Rac8 26. Qb2 f6 27. Nf3 Ng4
28. Bf4 Bxe4 29. Nd4 Qh5 30. h3 Bxg2 31. Kxg2 Qd5+ 32. Kg1 Ne5 33. Bxe5 Qxe5
34. b4 Rc4 0-1

[Event "Oberliga Ost B 2016 2017"]
[Site "Germany"]
[Date "2017.03.19"]
[Round "8.8"]
[White "Stork, Oliver"]
[Black "Mayer, Frank"]
[Result "1-0"]
[WhiteElo "1952"]
[BlackElo "2145"]
[PlyCount "49"]
[EventDate "2016.10.16"]
[EventType "team-tourn"]
[EventCountry "GER"]
[WhiteTeam "Oberursel SV"]
[BlackTeam "Wiesbadener SV"]
[WhiteTeamCountry "GER"]
[BlackTeamCountry "GER"]

1. c4 b6 2. Nc3 e6 3. d4 Bb7 4. a3 f5 5. d5 exd5 6. cxd5 Nf6 7. g3 g6 8. Bg2
Bg7 9. Nh3 O-O 10. O-O Na6 11. Nf4 Nc5 12. Qc2 Re8 13. b4 Nce4 14. Bb2 Rc8 15.
Rac1 a6 16. Rfd1 Qe7 17. e3 Nd6 18. Qb3 Nfe4 19. Nxe4 Nxe4 20. d6+ Qf7 21.
Qxf7+ Kxf7 22. Bxg7 Kxg7 23. Rxc7 Rxc7 24. dxc7 Bc6 25. Nd5 1-0